• 首页
  • 本馆介绍
  • 公告通知
  • 最新文献
  • 馆藏检索
  • 电子资源
  • 读者导购
  • 参考咨询
  • 我的图书馆
  • 登录
  • 详细信息显示
  • 放入我的书架
  • 预约/预借图书
  • 作者相关作品
  • 分类相关作品
  • 丛书相关作品
  • 出版社相关作品

书目信息

  • 表格格式
  • 工作单格式
  • 卡片格式
题名:
杏高效栽培新技术
    
 
作者: 冯殿齐 , 王玉山 主编
分册:  
出版信息: 济南   山东科学技术出版社  2012.11
页数: 227页
开本: 21cm
丛书名:
单 册:
中图分类: S662.2
科图分类:
主题词: 杏--栽培技术 , 杏
电子资源:
ISBN: 978-7-5331-6152-1
000 00958nam0 2200265 450
001 005814875
005 20140609084457.20
010    @a978-7-5331-6152-1@dCNY15.00
100    @a20130313d2012 em y0chiy50 ea
101 0  @achi
102    @aCN@b370000
105    @aafk z 000yy
106    @ar
200 1  @a杏高效栽培新技术@9xing gao xiao zai pei xin ji shu@f冯殿齐,王玉山主编
210    @a济南@c山东科学技术出版社@d2012.11
215    @a227页@c图,图版(8页)@d21cm
330    @a本书着重介绍了杏露地、设施栽培的优质丰产技术和实用推广新技术。内容包括:杏树的年生长发育特性、杏树对环境条件的要求、整形修剪、早实丰产栽培技术、杏设施栽培、杏的贮藏与加工、杏树病虫害防治等。
333    @a可供果农、果树技术人员和农业院校师生等参考
606 0  @a杏@x栽培技术
606 0  @a杏
690    @aS662.2@v5
701  0 @a冯殿齐@9feng dian qi@4主编
701  0 @a王玉山@9wang yu shan@4主编
801  0 @aCN@b人天书店@c20130313
905    @b548498-501@dS662.2@e274@f4
    
    杏高效栽培新技术/冯殿齐,王玉山主编.-济南:山东科学技术出版社,2012.11
    227页:图,图版(8页);21cm
    使用对象:可供果农、果树技术人员和农业院校师生等参考
    
    ISBN 978-7-5331-6152-1:CNY15.00
    本书着重介绍了杏露地、设施栽培的优质丰产技术和实用推广新技术。内容包括:杏树的年生长发育特性、杏树对环境条件的要求、整形修剪、早实丰产栽培技术、杏设施栽培、杏的贮藏与加工、杏树病虫害防治等。
●
相关链接 在E读中查询图书 在五车中查询图书 在当当中查询图书 在豆瓣中查询图书


正题名:杏高效栽培新技术     索取号:S662.2/274         预约/预借

序号 登录号 条形码 馆藏地/架位号 状态 备注
1 548498   205484983   第二样本阅览室/ [索取号:S662.2/274] 在馆    
2 548499   205484992   密集书库-生命科学系/ [索取号:S662.2/274] 在馆    
3 548500   205485009   第三借阅区/ [索取号:S662.2/274] 在馆    
4 548501   205485018   第三借阅区/ [索取号:S662.2/274] 在馆    
唐山师范学院图书馆 欢迎您!
大连网信软件有限公司© 版权所有